[Event "Challenge"]
[Site "http://www.queenalice.com/game.php?id=1864291"]
[Date "2025.10.15"]
[Round "-"]
[White "Capixaba789"]
[Black "crisvolei"]
[Result "0-1"]
[WhiteElo "1788"]
[BlackElo "1540"]

1. d4 e6 2. e4 d5 3. exd5 Qxd5 4. Nf3 Qe4+ 5. Be2 Nc6 6. O-O e5 7. d5 Nb4 8. Na3
Nxd5 9. Re1 Bd7 10. Nb5 O-O-O 11. Nxa7+ Kb8 12. Nb5 Ngf6 13. c4 Nb4 14. Qa4 Na6
15. Bf1 Qf5 16. Be3 Bb4 17. Nxc7 Bxa4 0-1

[Event "Challenge"]
[Site "http://www.queenalice.com/game.php?id=1864292"]
[Date "2025.10.15"]
[Round "-"]
[White "crisvolei"]
[Black "Capixaba789"]
[Result "0-1"]
[WhiteElo "1566"]
[BlackElo "1790"]

1. e4 e5 2. Bc4 Nc6 3. Qf3 f5 4. Qxf5 d5 5. Qh5+ g6 6. Qf3 dxc4 7. c3 Nf6 8. Nh3
Bg7 9. O-O O-O 10. d4 exd4 11. Bg5 Ne5 12. Qg3 Nxe4 13. Bxd8 Nxg3 14. hxg3 Rxd8
15. Na3 dxc3 16. bxc3 Rd3 17. Nf4 Rxc3 18. Nb5 Rc2 19. Nxc7 Rb8 20. Nfd5 Bd7 21.
Ne7+ Kh8 22. f4 Ng4 23. a4 Bxa1 24. Rd1 Bf5 25. Nxf5 Bc3 26. Nh6 Rxg2+ 27. Kxg2
Ne3+ 28. Kf3 Nxd1 29. Nd5 Ba5 30. g4 c3 31. Nxc3 Nxc3 32. f5 gxf5 33. Nxf5 Rf8
34. Kf4 Rxf5+ 35. gxf5 Kg7 36. Ke5 Nxa4 37. Ke6 Kf8 38. f6 Bc3 39. Kf5 Kf7 40.
Kg5 Bd2+ 0-1

[Event "Challenge"]
[Site "http://www.queenalice.com/game.php?id=1865226"]
[Date "2025.11.5"]
[Round "-"]
[White "crisvolei"]
[Black "Capixaba789"]
[Result "0-1"]
[WhiteElo "1568"]
[BlackElo "1853"]

1. e4 Nf6 2. e5 Nd5 3. c3 e6 4. d4 d6 5. Bb5+ c6 6. Bc4 Be7 7. h4 a5 8. Qg4 Rg8
9. Bh6 Na6 10. Nd2 Bd7 11. Ngf3 Qb6 12. b3 O-O-O 13. Bg5 f6 14. exf6 gxf6 15.
O-O-O fxg5 16. hxg5 Nxc3 17. Rde1 Nxa2+ 18. Kb2 e5 19. Be6 N6b4 20. Re3 Kc7 21.
Rxh7 exd4 22. Nxd4 Bxg5 23. Bxd7 Bxe3 24. Be8+ Kb8 25. Nxc6+ Qxc6 26. Qxg8 Bd4+
27. Ka3 Rxe8 28. Qf7 Rc8 29. Nc4 Rc7 30. Rh8+ Rc8 31. Rxc8+ Qxc8 32. Nxd6 Qc6
33. Qe8+ Qxe8 34. Nxe8 Bxf2 35. Ka4 Bg3 36. Kxa5 Kc8 37. Nf6 Kc7 38. Ne4 Be5 39.
g4 Nd5 40. g5 Nf4 41. Ka4 Nc1 42. b4 Ncd3 43. b5 Bd4 44. Nd2 Ng6 45. Nf3 Bc5 46.
Nd2 b6 47. Ne4 Bd4 48. Kb3 Ndf4 49. Kc4 Bg1 50. Nf6 Nh3 51. Nd5+ Kd6 52. Nxb6
Bxb6 0-1

[Event "Challenge"]
[Site "http://www.queenalice.com/game.php?id=1865227"]
[Date "2025.11.5"]
[Round "-"]
[White "Capixaba789"]
[Black "crisvolei"]
[Result "1-0"]
[WhiteElo "1908"]
[BlackElo "1571"]

1. d4 e6 2. e4 d5 3. exd5 Qxd5 4. Nf3 Qe4+ 5. Be2 Nf6 6. O-O Nc6 7. c3 Bd7 8.
Na3 a6 9. Be3 O-O-O 10. Nc4 b5 11. Na3 Bxa3 12. bxa3 Nd5 13. Bd2 Nf4 14. Re1 e5
15. Bxf4 Qxf4 16. a4 h5 17. axb5 axb5 18. Bxb5 e4 19. Qa4 Kb8 20. Nd2 h4 21.
Nxe4 h3 22. Ng3 hxg2 23. Rab1 Qh4 24. Bxc6+ Kc8 25. Qa8# 1-0